Statistics for Countries with coronavirus cases in Oceania/Australia

Click here to take the quiz!

General Stats

  • This quiz has been taken 23 times
    (8 since last reset)
  • The average score is 6 of 9

Answer Stats

No. of casesNo. of deathsCountry% Correct
30,301910Australia
88%
1,4435Fiji
88%
2,71326New Zealand
88%
30Samoa
75%
40Marshall Islands
63%
16,791165Papua New Guinea
63%
10F.S. Micronesia
50%
200Solomon Islands
50%
41Vanuatu
50%

Score Distribution

Percentile by Number Answered

Percent of People with Each Score

Your Score History

You have not taken this quiz since the last reset